Countries in the Middle Quiz Stats

Quiz Updated Dec 14, 2012

Also try: Average Countries
Challenge
Share
Tweet
Name countries within 7 places of the World median for these statistics (ranked 91-105 out of 196 Sporcle-recognized countries with 98 being the median
Score 0/45 Timer 06:00
3 Plays Today
% Correct
Panama ($44,820m)
61.5%
Austria (8,217,280)
60.8%
Honduras (112,090 sq km)
60.6%
Honduras (8,143,564)
60.6%
Honduras ($33,770 m)
60.6%
Cuba (110,860 sq km)
60.1%
Greece (131,957 sq km)
59.2%
Switzerland (7,639,961)
58.4%
Guatemala (108,889 sq km)
58.3%
Sweden (9,088,728)
57%
Nicaragua (130,370 sq km)
57%
Laos (6,447,211)
54.7%
Paraguay (6,459,058)
53.2%
Paraguay ($33,270 m)
53.2%
Serbia (7,310,555)
49.7%
Latvia ($32,200 m)
49.6%
Ghana ($38,240 m)
48.5%
Nepal (147,181 sq km)
48%
Nepal ($35,310 m)
48%
El Salvador (6,071,774)
47.6%
El Salvador ($43,980 m)
47.6%
Jordan (6,508,271)
47%
Jordan ($33,790 m)
47%
% Correct
Bulgaria (110,879 sq km)
45.5%
Bulgaria (7,093,635)
45.5%
North Korea (120,538 sq km)
43.3%
North Korea ($40,000 m)
43.3%
Tunisia (163,820 sq km)
42.4%
Togo (6,771,993)
42.2%
Benin (112,622 sq km)
38.7%
Uganda ($41,700 m)
38.6%
Azerbaijan (8,372,373)
36.5%
Tajikistan (143,100 sq km)
35.7%
Tajikistan (7,627,200)
35.7%
Côte d'Ivoire ($37,800 m)
35%
Liberia (111,369 sq km)
34.8%
Eritrea (117,600 sq km)
33.6%
Turkmenistan ($36,640 m)
33.2%
Malawi (118,484 sq km)
32.3%
Libya (6,597,960)
31.6%
Cameroon ($44,650 m)
31.3%
Bangladesh (143,998 sq km)
30.4%
Bosnia & Herzegovina ($30,440 m)
27.8%
Papua New Guinea (6,187,591)
27%
Luxembourg ($40,810 m)
23.7%

You're not logged in!

Compare scores with friends on all Sporcle quizzes.
Sign Up with Email
OR
Log In

You Might Also Like...

Show Comments

Extras

Top Quizzes Today


Score Distribution

Your Account Isn't Verified!

In order to create a playlist on Sporcle, you need to verify the email address you used during registration. Go to your Sporcle Settings to finish the process.